[Event "POL-ch Rapid U18 Girls"]
[Site "Bydgoszcz"]
[Date "2023.08.30"]
[Round "7"]
[White "Polakiewicz, Blanka"]
[Black "Krysiewicz, Zofia"]
[Result "1-0"]
[WhiteElo "1257"]
[BlackElo "1139"]
[PlyCount "109"]
[EventDate "2023.08.28"]
[EventType "swiss"]
[EventRounds "11"]
[EventCountry "POL"]
[SourceTitle "EXT 2024"]
[Source "ChessBase"]
[SourceDate "2023.10.10"]
[SourceVersion "1"]
[SourceVersionDate "2023.10.10"]
[SourceQuality "1"]

1. e4 c5 2. Nf3 g6 3. d4 cxd4 4. Nxd4 Nc6 5. c4 Nf6 6. Nc3 d6 7. Be2 Nxd4 8. Qxd4 Bg7 9. Qd1 0-0 10. Be3 b6 11. 0-0 Bb7 12. f3 Rc8 13. Qd2 Qc7 14. Rac1 Rfd8 15. Nb5 Qb8 16. b3 Ba6 17. Nc3 Nd7 18. Nd5 Re8 19. Rfd1 Bb7 20. Bf4 Bxd5 21. cxd5 Rxc1 22. Rxc1 Rc8 23. Bg5 Bf6 24. Bxf6 Nxf6 25. Rc2 Rc5 26. Rxc5 dxc5 27. Qc3 Nd7 28. g3 Qe5 29. Qxe5 Nxe5 30. Kf2 f6 31. Ke3 Kf7 32. f4 Nd7 33. Bb5 Nf8 34. Bc4 f5 35. e5 e6 36. d6 Ke8 37. Kd3 Kd7 38. Bb5+ Kd8 39. Kc4 Kc8 40. Ba6+ Kd8 41. Kb5 Kd7 42. Bb7 Kd8 43. Bc6 Nd7 44. Bxd7 Kxd7 45. a4 h6 46. Ka6 g5 47. Kxa7 Kc6 48. Ka6 gxf4 49. gxf4 h5 50. h4 b5 51. axb5+ Kd7 52. b6 Kc8 53. b7+ Kb8 54. d7 c4 55. d8Q# 1-0

[Event "Ustron op-C"]
[Site "Ustron"]
[Date "2021.08.14"]
[Round "1"]
[White "Krysiewicz, Zofia"]
[Black "Nowosad, Jan"]
[Result "0-1"]
[WhiteElo "1226"]
[BlackElo "1600"]
[PlyCount "48"]
[EventDate "2021.08.13"]
[EventType "swiss"]
[EventRounds "9"]
[EventCountry "POL"]
[SourceTitle "EXT 2022"]
[Source "ChessBase"]
[SourceDate "2021.10.06"]
[SourceVersion "1"]
[SourceVersionDate "2021.10.06"]
[SourceQuality "1"]

1. e4 e5 2. Nf3 Nf6 3. Nxe5 Nc6 4. Nxc6 dxc6 5. Nc3 Bc5 6. d3 Ng4 7. Be3 Nxe3 8. fxe3 Bxe3 9. Qe2 Qg5 10. Nd1 Bf4 11. g3 Bd6 12. d4 0-0 13. Ne3 c5 14. 0-0-0 cxd4 15. Rxd4 Bc5 16. Rd3 Bg4 17. Qd2 Bf3 18. Rg1 Bxe4 19. Rb3 Rad8 20. Qe1 Bd5 21. Rd3 Rfe8 22. Kb1 Rxe3 23. Rxe3 Qxe3 24. Qxe3 Bxe3 0-1